[Event "UKR-ch U20 Girls"]
[Site "Kiev"]
[Date "1998.??.??"]
[EventDate "?"]
[Round "?"]
[Result "1-0"]
[White "Viktoria Gordon"]
[Black "Anna Zatonskih"]
[WhiteElo "2145"]
[BlackElo "2340"]
[PlyCount "83"]

1. e4 c5 2. c3 Nf6 3. e5 Nd5 4. d4 cxd4 5. Bc4 Nb6 6. Bb3 Nc6
7. Nf3 d6 8. exd6 Qxd6 9. O-O Be6 10. Bxe6 Qxe6 11. Nxd4 Nxd4
12. Qxd4 Rd8 13. Qh4 Qe2 14. Nd2 Rxd2 15. Bxd2 Qxd2 16. Rad1
Qh6 17. Qg3 Qc6 18. Rd4 f6 19. Qb8+ Kf7 20. Rd8 a6 21. Rfd1
Nc4 22. b3 Nd6 23. c4 g5 24. h3 h5 25. Rd4 g4 26. hxg4 hxg4
27. Rxg4 Qc5 28. g3 Qf5 29. Rh4 Ne4 30. Qf4 Qxf4 31. Rxf4 Ng5
32. Rg4 Rh5 33. Kg2 Ne6 34. Rb8 Ra5 35. a4 Bh6 36. Rh4 Bg7
37. Rxb7 Nc5 38. Rb8 Nd7 39. Rd8 Nb6 40. b4 Rxa4 41. c5 Nc8
42. Rxc8 1-0

[Event "FIDE WCh Women KO"]
[Site "New Delhi IND"]
[Date "2000.11.28"]
[EventDate "?"]
[Round "1.2"]
[Result "1-0"]
[White "Maritza Arribas Robaina"]
[Black "Anna Zatonskih"]
[WhiteElo "2329"]
[BlackElo "2475"]
[PlyCount "119"]

1.e4 e6 2.d4 d5 3.e5 c5 4.c3 Nc6 5.Nf3 Bd7 6.Be2 f6 7.O-O fxe5
8.dxe5 Qc7 9.Re1 O-O-O 10.Bf4 Nh6 11.Na3 Nf7 12.Bd3 Be7 13.Nb5
Qb8 14.b4 a6 15.Nd6+ Nxd6 16.exd6 Bxd6 17.Bxd6 Qxd6 18.bxc5
Qxc5 19.Qe2 Rde8 20.Ne5 Nxe5 21.Qxe5 g6 22.Rab1 Qc7 23.Qd4
Rhf8 24.Re2 Bc6 25.Reb2 Rf4 26.Qa7 Ra4 27.g3 e5 28.Bf1 g5
29.c4 b5 30.Bh3+ Kd8 31.Qe3 Rxc4 32.Qxg5+ Qe7 33.Qd2 d4 34.Rc1
Qf7 35.Rxc4 Qxc4 36.Rc2 Qd5 37.Qa5+ Ke7 38.Qc7+ Bd7 39.Rc5 Rc8
40.Qxc8 Bxc8 41.Rxd5 Bxh3 42.Rxe5+ Kd6 43.f4 Be6 44.a3 Bc4
45.Kf2 a5 46.Ke1 Bd5 47.g4 b4 48.axb4 axb4 49.Kd2 b3 50.g5 Bc6
51.h4 Ba4 52.Re1 Bd7 53.Rb1 Be6 54.h5 Ke7 55.Ra1 Bf5 56.Ra7+
Kf8 57.Rb7 Bg4 58.h6 Bf5 59.Rxb3 Kf7 60.Rb6 1-0

[Event "FIDE WCh Women KO"]
[Site "New Delhi IND"]
[Date "2000.11.29"]
[EventDate "?"]
[Round "1.3"]
[Result "1-0"]
[White "Anna Zatonskih"]
[Black "Maritza Arribas Robaina"]
[WhiteElo "2475"]
[BlackElo "2329"]
[PlyCount "83"]

1.e4 e6 2.d4 d5 3.Nd2 dxe4 4.Nxe4 Nd7 5.g3 Ngf6 6.Nxf6+ Qxf6
7.Nf3 h6 8.Bg2 Bd6 9.O-O O-O 10.c4 c6 11.Be3 e5 12.d5 c5
13.Qc1 Re8 14.Nd2 Qe7 15.Ne4 f5 16.Nxd6 Qxd6 17.f4 e4 18.Rd1
Nf6 19.b4 cxb4 20.c5 Qa6 21.Bf1 Qa5 22.Bc4 Kh7 23.Rb1 Bd7
24.Qb2 Ba4 25.Rd2 b5 26.Bf1 Ng4 27.Bd4 b3 28.axb3 Bxb3 29.h3
e3 30.Re2 Bc4 31.hxg4 Bxe2 32.Bxe2 Qd2 33.d6 Re4 34.Bc3 Qd5
35.Qxb5 Rc8 36.Qb7 Qg8 37.c6 Rf8 38.c7 Ree8 39.d7 Rc8
40.dxc8=Q Rxc8 41.Bd3 Rf8 42.c8=Q 1-0

[Event "FIDE WCh Women KO"]
[Site "New Delhi IND"]
[Date "2000.11.29"]
[EventDate "?"]
[Round "1.4"]
[Result "1-0"]
[White "Maritza Arribas Robaina"]
[Black "Anna Zatonskih"]
[WhiteElo "2329"]
[BlackElo "2475"]
[PlyCount "151"]

1.e4 e6 2.d4 d5 3.e5 c5 4.c3 Nc6 5.Nf3 Bd7 6.dxc5 Bxc5 7.Bd3
Nge7 8.b4 Bb6 9.b5 Na5 10.O-O Qc7 11.a4 Ng6 12.Qe2 Nc4 13.Re1
a6 14.Na3 axb5 15.axb5 O-O 16.h4 Bc5 17.Bxc4 dxc4 18.Ra2 Rfc8
19.h5 Ne7 20.Qe4 Nd5 21.Ng5 f5 22.exf6 Nxf6 23.Qb1 h6 24.Nf3
Nxh5 25.Nxc4 Rxa2 26.Qxa2 Bxb5 27.Nce5 Qb6 28.Be3 Bxe3 29.Rxe3
Nf4 30.c4 Bc6 31.g3 Bxf3 32.Nxf3 Ng6 33.Qe2 e5 34.Nxe5 Nxe5
35.Rxe5 Qc6 36.c5 Kh8 37.Qg4 Ra8 38.Qd4 Re8 39.Rd5 Re1+ 40.Kh2
Qg6 41.Rd8+ Re8 42.Rd7 Qh5+ 43.Kg2 Qe5 44.Qg4 Rf8 45.f4 Qb2+
46.Kh3 Qa1 47.Qf3 Qc1 48.Rxb7 Qxc5 49.Qg4 Qd4 50.Rd7 Qa1
51.Qf3 Qf6 52.Qd5 Qf5+ 53.Qxf5 Rxf5 54.Kg4 Ra5 55.f5 Kg8
56.Kf4 Kf8 57.g4 Kg8 58.Kg3 Kf8 59.Kh4 Kg8 60.Kh5 Kf8 61.Kg6
Ra4 62.Rf7+ Ke8 63.Rxg7 Rxg4+ 64.Kf6 h5 65.Re7+ Kd8 66.Rh7 h4
67.Ke6 Re4+ 68.Kf6 Ra4 69.Rh8+ Kd7 70.Kf7 Kd6 71.f6 Ra7+
72.Kg6 Ke6 73.Re8+ Kd5 74.f7 Rxf7 75.Kxf7 h3 76.Rh8 1-0

[Event "FIDE WCh Women KO"]
[Site "New Delhi IND"]
[Date "2000.11.29"]
[EventDate "?"]
[Round "1.6"]
[Result "1-0"]
[White "Maritza Arribas Robaina"]
[Black "Anna Zatonskih"]
[WhiteElo "2329"]
[BlackElo "2475"]
[PlyCount "95"]

1.e4 e6 2.d4 d5 3.e5 c5 4.c3 Nc6 5.Nf3 Bd7 6.Be2 f6 7.O-O fxe5
8.dxe5 Qc7 9.Re1 O-O-O 10.Bf4 Nh6 11.Na3 Nf7 12.Bd3 Be7 13.Qd2
a6 14.Nc2 Rdg8 15.b4 c4 16.Bf1 g5 17.Bg3 h5 18.h3 h4 19.Bh2 g4
20.hxg4 Qd8 21.a4 Rxg4 22.b5 Na5 23.bxa6 b6 24.Ncd4 Bc5
25.Rab1 Rhg8 26.Rb2 Kb8 27.Reb1 Ka7 28.Nb5+ Kxa6 29.Nfd4 Ng5
30.Qd1 Nh3+ 31.Kh1 Nf4 32.f3 Nxg2 33.fxg4 Ne3 34.Qf3 Nxg4
35.Rg2 Nxh2 36.Rxg8 Qxg8 37.Kxh2 Qg7 38.Re1 Nc6 39.Nxc6 Bxc6
40.Nd4 Be8 41.Bxc4+ Kb7 42.Bb5 Bh5 43.Nxe6 Bxf3 44.Nxg7 Bf2
45.Rg1 Be3 46.e6 Bf4+ 47.Kh3 Bd6 48.Rf1 1-0

[Event "FIDE WCh Women KO"]
[Site "New Delhi IND"]
[Date "2000.11.29"]
[EventDate "?"]
[Round "1.7"]
[Result "1/2-1/2"]
[White "Maritza Arribas Robaina"]
[Black "Anna Zatonskih"]
[WhiteElo "2329"]
[BlackElo "2475"]
[PlyCount "71"]

1.d4 Nf6 2.c4 e6 3.Nc3 Bb4 4.Qc2 O-O 5.Nf3 d5 6.cxd5 exd5 7.e3
c6 8.Bd3 Re8 9.O-O Nbd7 10.a3 Bd6 11.b4 a6 12.Bb2 Qe7 13.Rae1
Ne4 14.Bxe4 dxe4 15.Nd2 Nf6 16.f3 exf3 17.Nxf3 Ne4 18.Nxe4
Qxe4 19.Qf2 f6 20.Nd2 Qc2 21.Ba1 Qg6 22.e4 Be6 23.Re3 Rad8
24.e5 fxe5 25.dxe5 Rf8 26.Qh4 Bc7 27.Rg3 Bb6+ 28.Kh1 Rxf1+
29.Nxf1 Qb1 30.Rxg7+ Kxg7 31.Qf6+ Kg8 32.Qxe6+ Kf8 33.Qf6+ Ke8
34.Qe6+ Kf8 35.Qf6+ Ke8 36.Qe6+ 1/2-1/2

[Event "FIDE WCh Women KO"]
[Site "New Delhi IND"]
[Date "2000.11.29"]
[EventDate "?"]
[Round "1.8"]
[Result "0-1"]
[White "Anna Zatonskih"]
[Black "Maritza Arribas Robaina"]
[WhiteElo "2475"]
[BlackElo "2329"]
[PlyCount "104"]

1.e4 e5 2.Nf3 d6 3.d4 Nd7 4.Bc4 c6 5.O-O Be7 6.Nc3 Ngf6 7.a4
O-O 8.Re1 Qc7 9.Ba2 Re8 10.h3 Nf8 11.d5 c5 12.Nb5 Qd8 13.Nxe5
a6 14.Nc4 axb5 15.axb5 Ng6 16.Na3 Bf8 17.f3 h6 18.c3 Nh7
19.Bb1 Be7 20.Rf1 Rf8 21.Bd3 f5 22.exf5 Bxf5 23.Be3 Bxd3
24.Qxd3 Nf4 25.Qd2 Nh5 26.g4 N5f6 27.Rae1 Nd7 28.f4 Bf6 29.Bf2
Bh4 30.Re6 Bxf2+ 31.Rxf2 Qh4 32.Kg2 Rae8 33.Nc4 Ndf6 34.Nxd6
Rxe6 35.dxe6 Nxg4 36.e7 Qxe7 37.Qd5+ Kh8 38.hxg4 Nf6 39.Qe5
Qd7 40.Rf3 Nxg4 41.Qd5 Nf6 42.Qxc5 Qg4+ 43.Rg3 Qe2+ 44.Qf2 Qe6
45.Qd4 Nh5 46.Rf3 Qg4+ 47.Kf2 Nxf4 48.Qe3 Nh3+ 49.Ke1 Rxf3
50.Qe8+ Kh7 51.Ne4 Re3+ 52.Kd2 Rxe4 0-1

[Event "ch-UKR Women"]
[Site "Kramatorsk UKR"]
[Date "2001.03.01"]
[EventDate "2001.03.26"]
[Round "7"]
[Result "0-1"]
[White "Katerina Rohonyan"]
[Black "Anna Zatonskih"]
[WhiteElo "2340"]
[BlackElo "2432"]
[PlyCount "112"]

1. e4 e6 2. d4 d5 3. Nc3 Nf6 4. Bg5 dxe4 5. Nxe4 Nbd7 6. Nf3
h6 7. Bxf6 Nxf6 8. Bd3 Be7 9. Nxf6+ gxf6 10. Qe2 Qd5 11. Bc4
Qa5+ 12. c3 Bd7 13. O-O-O O-O-O 14. Kb1 Bc6 15. Bd3 Bd5 16. a3
Rhg8 17. Rhg1 Qb6 18. Kc1 Qc6 19. Bb5 Bxf3 20. gxf3 Qd6
21. Bc4 c6 22. h3 f5 23. Kc2 Bh4 24. Qe5 Qxe5 25. dxe5 Bxf2
26. Rxd8+ Rxd8 27. Rg7 Rd7 28. Rh7 Be3 29. Rh8+ Kc7 30. Bd3
Bf4 31. a4 a5 32. b3 Kb6 33. Rh7 Kc5 34. Rh8 Kd5 35. Ra8 b6
36. Rb8 Be3 37. f4 Bxf4 38. Rxb6 Ra7 39. Be2 Kc5 40. Rb8 Bxe5
41. b4+ axb4 42. cxb4+ Kd4 43. Rd8+ Ke3 44. Bh5 Bd4 45. Kb3
Rc7 46. a5 f4 47. Kc4 e5 48. Rd6 f3 49. Rf6 e4 50. Rf5 f6
51. Bg4 f2 52. a6 Ra7 53. b5 cxb5+ 54. Kxb5 Rg7 55. Kc4 Be5
56. Kb5 Bf4 0-1

[Event "ch-UKR Women"]
[Site "Kramatorsk UKR"]
[Date "2001.03.03"]
[EventDate "2001.03.26"]
[Round "8"]
[Result "1-0"]
[White "Anna Zatonskih"]
[Black "Kateryna Lahno"]
[WhiteElo "2432"]
[BlackElo "2185"]
[PlyCount "119"]

1. e4 e5 2. Nf3 Nf6 3. Nxe5 d6 4. Nf3 Nxe4 5. d4 d5 6. Bd3 Be7
7. O-O O-O 8. c4 Nf6 9. Nc3 dxc4 10. Bxc4 c6 11. Ne5 Nbd7
12. Qb3 Nxe5 13. dxe5 Ne8 14. Be3 b5 15. Be2 b4 16. Na4 Qa5
17. f4 Nc7 18. Rac1 Be6 19. Qc2 Nd5 20. Bd2 b3 21. axb3 Bb4
22. Nc3 Qb6+ 23. Kh1 Ne3 24. Bxe3 Qxe3 25. Bd3 h6 26. f5 Bd5
27. Rce1 Qg5 28. Be4 Rad8 29. Rf3 Qh4 30. Ref1 Bxc3 31. Rf4
Qg5 32. bxc3 Rfe8 33. c4 Bxe4 34. Qxe4 Qe7 35. e6 Qf6
36. exf7+ Kxf7 37. Qf3 Re7 38. h3 Rde8 39. Qf2 Re3 40. Rf3
Rxf3 41. Qxf3 Re5 42. Qd3 a5 43. Kh2 Kg8 44. Qd4 Kf7 45. Rf3
Kg8 46. Qc3 Qd6 47. Rg3 Qf6 48. Rg6 Qxf5 49. Qg3 Re7 50. Rxc6
Kh7 51. Rd6 Kh8 52. Rd5 Qb1 53. Rd8+ Kh7 54. Qb8 Qf5 55. Rh8+
Kg6 56. Qd6+ Re6 57. Qg3+ Kf7 58. Rb8 Qe5 59. Rb7+ Kf6
60. Rxg7 1-0

[Event "ch-UKR Women"]
[Site "Kramatorsk UKR"]
[Date "2001.03.04"]
[EventDate "2001.03.26"]
[Round "9"]
[Result "1/2-1/2"]
[White "Tatjana Melamed"]
[Black "Anna Zatonskih"]
[WhiteElo "2292"]
[BlackElo "2432"]
[PlyCount "30"]

1. e4 e6 2. d4 d5 3. Nd2 c5 4. exd5 Qxd5 5. Ngf3 cxd4 6. Bc4
Qd8 7. O-O a6 8. Nb3 Qc7 9. Qe2 Bd6 10. Nbxd4 Ne7 11. a4 Bd7
12. h3 h6 13. Re1 Nbc6 14. Nxc6 Nxc6 15. b3 O-O-O 1/2-1/2

[Event "ch-UKR Women"]
[Site "Kramatorsk UKR"]
[Date "2001.03.26"]
[EventDate "2001.03.26"]
[Round "1"]
[Result "1/2-1/2"]
[White "Anna Zatonskih"]
[Black "Vladislava Kalinina"]
[WhiteElo "2432"]
[BlackElo "2254"]
[PlyCount "127"]

1. e4 e5 2. Nf3 d6 3. d4 exd4 4. Nxd4 Nf6 5. Nc3 Be7 6. Be2
O-O 7. O-O Re8 8. f4 Bf8 9. Bf3 c5 10. Nb3 Nc6 11. Kh1 Bd7
12. Be3 Ne7 13. Bf2 Ng6 14. Qd2 Bc6 15. Rfe1 b5 16. Nd5 Nxd5
17. exd5 Rxe1+ 18. Rxe1 Bd7 19. c3 a5 20. Nc1 b4 21. Ne2 Qf6
22. Be3 Re8 23. Ng3 Nh4 24. Be4 g6 25. cxb4 axb4 26. Bd3 Nf5
27. Ne4 Qd8 28. Bf2 Bg7 29. h3 Qc7 30. Bc4 Nd4 31. Bxd4 cxd4
32. b3 Qb8 33. Ng5 h6 34. Nf3 Rxe1+ 35. Nxe1 Bf5 36. Bd3 Bxd3
37. Nxd3 Qb5 38. Nxb4 Qf1+ 39. Kh2 g5 40. Nd3 gxf4 41. Nxf4
Be5 42. g3 Bxf4 43. gxf4 d3 44. Kg3 h5 45. h4 f5 46. b4 Qa1
47. Kf3 Qd4 48. a4 Qxd5+ 49. Kf2 Qd4+ 50. Qe3 Qb2+ 51. Kf3
Qxb4 52. Qe8+ Kg7 53. Qe7+ Kg8 54. Qg5+ Kf8 55. Qxf5+ Kg7
56. Qxd3 Qxa4 57. Qxd6 Qb3+ 58. Ke2 Qc2+ 59. Qd2 Qe4+ 60. Kf2
Kg6 61. Kg3 Qe6 62. Kf2 Kf5 63. Qe3 Qa2+ 64. Kg3 1/2-1/2

[Event "ch-UKR Women"]
[Site "Kramatorsk UKR"]
[Date "2001.03.27"]
[EventDate "2001.03.26"]
[Round "2"]
[Result "0-1"]
[White "Natalia Zdebskaja"]
[Black "Anna Zatonskih"]
[WhiteElo "2172"]
[BlackElo "2432"]
[PlyCount "86"]

1. d4 e6 2. c4 Nf6 3. Nc3 Bb4 4. e3 O-O 5. Nge2 d5 6. a3 Be7
7. cxd5 exd5 8. g3 c6 9. Bg2 a5 10. O-O Re8 11. f3 c5 12. Kh1
Nc6 13. Re1 h6 14. b3 cxd4 15. Nxd4 Bc5 16. Nxc6 bxc6 17. Na4
Ba7 18. Qc2 Qd6 19. Bd2 Ba6 20. Bxa5 Bxe3 21. Bb4 Qc7 22. Nc5
Qb6 23. Bh3 Rad8 24. Rad1 Bb5 25. Bf5 d4 26. Ne4 Nd5 27. Bc5
d3 28. Qc1 Bxc5 29. Nxc5 Rxe1+ 30. Rxe1 d2 31. Qxd2 Qxc5
32. Qa5 Qb6 33. Qxb6 Nxb6 34. a4 Ba6 35. Rc1 Be2 36. Be4 Rd1+
37. Rxd1 Bxd1 38. a5 Nc8 39. Bxc6 Bxb3 40. f4 Kf8 41. Kg2 Ke7
42. g4 Kd6 43. Be8 Na7 0-1

[Event "ch-UKR Women"]
[Site "Kramatorsk UKR"]
[Date "2001.03.30"]
[EventDate "2001.03.26"]
[Round "4"]
[Result "1/2-1/2"]
[White "Anna Zatonskih"]
[Black "Anna Zozulia"]
[WhiteElo "2432"]
[BlackElo "2358"]
[PlyCount "49"]

1. e4 c5 2. Nf3 Nc6 3. d4 cxd4 4. Nxd4 Nf6 5. Nc3 e6 6. Ndb5
d6 7. Bf4 e5 8. Bg5 a6 9. Na3 b5 10. Bxf6 gxf6 11. Nd5 f5
12. c3 Bg7 13. exf5 Bxf5 14. Nc2 O-O 15. Nce3 Be6 16. Bd3 f5
17. Bc2 f4 18. Qh5 Rf7 19. Bxh7+ Kf8 20. Bf5 Qe8 21. Bxe6 Qxe6
22. Qg4 Qh6 23. Nf5 Qe6 24. Nfe3 Qh6 25. Nf5 1/2-1/2

[Event "ch-UKR Women"]
[Site "Kramatorsk UKR"]
[Date "2001.03.30"]
[EventDate "2001.03.26"]
[Round "5"]
[Result "1/2-1/2"]
[White "Tatiana Baklanova"]
[Black "Anna Zatonskih"]
[WhiteElo "2257"]
[BlackElo "2432"]
[PlyCount "44"]

1. Nf3 Nf6 2. d4 e6 3. Bf4 c5 4. e3 Be7 5. h3 b6 6. Nbd2 Bb7
7. Bd3 O-O 8. O-O cxd4 9. exd4 d6 10. c3 Re8 11. Qc2 Nbd7
12. Rfe1 a6 13. Bh2 Nf8 14. Ne4 Nxe4 15. Bxe4 Bxe4 16. Rxe4
Ng6 17. Qb3 Bf8 18. d5 e5 19. Rb4 Rb8 20. a4 Ne7 21. Nd2 Qc7
22. Rd1 Qb7 1/2-1/2

[Event "ch-UKR Women"]
[Site "Kramatorsk UKR"]
[Date "2001.03.31"]
[EventDate "2001.03.26"]
[Round "6"]
[Result "1/2-1/2"]
[White "Anna Zatonskih"]
[Black "Inna Gaponenko"]
[WhiteElo "2432"]
[BlackElo "2383"]
[PlyCount "87"]

1. e4 c5 2. Nf3 d6 3. d4 cxd4 4. Nxd4 Nf6 5. Nc3 g6 6. Be3 Bg7
7. f3 O-O 8. Qd2 Nc6 9. O-O-O d5 10. exd5 Nxd5 11. Nxc6 bxc6
12. Nxd5 cxd5 13. Qxd5 Qc7 14. Qc5 Qb7 15. Qa3 Bf5 16. Bd3
Rfb8 17. b3 a5 18. Bxf5 gxf5 19. Bd4 e5 20. Bb2 a4 21. b4 Bf6
22. f4 Qxb4 23. Qxb4 Rxb4 24. Bxe5 Bxe5 25. fxe5 Rab8 26. a3
Rb1+ 27. Kd2 R1b2 28. Rhf1 Ra2 29. Rxf5 Rxa3 30. Rdf1 Rd8+
31. Kc1 Ra1+ 32. Kb2 Rxf1 33. Rxf1 Rd2 34. Rf3 Re2 35. Ra3 Re4
36. Rg3+ Kf8 37. Ka3 Ke7 38. c3 h5 39. Rg5 h4 40. h3 Rc4
41. Rg4 Rxc3+ 42. Kxa4 Ke6 43. Kb4 Rc2 44. Kb3 1/2-1/2

[Event "ch-UKR Women"]
[Site "Kramatorsk UKR"]
[Date "2001.04.05"]
[EventDate "2001.03.26"]
[Round "10"]
[Result "1-0"]
[White "Anna Zatonskih"]
[Black "Nadezhda Jadvizhena"]
[WhiteElo "2432"]
[BlackElo "2170"]
[PlyCount "45"]

1. e4 Nf6 2. e5 Nd5 3. d4 d6 4. Nf3 Bg4 5. Be2 e6 6. O-O Bxf3
7. Bxf3 dxe5 8. dxe5 Nc6 9. Re1 Bc5 10. Nd2 Bd4 11. Nb3 Bb6
12. c4 Nde7 13. Bg5 Qxd1 14. Raxd1 a5 15. a4 Rb8 16. Re2 O-O
17. Bxe7 Nxe7 18. c5 Ba7 19. Rd7 Nc6 20. Rxc7 Rfd8 21. h3 Rd3
22. Bxc6 Rxb3 23. Bb5 1-0

[Event "ch-UKR Women"]
[Site "Kramatorsk UKR"]
[Date "2001.04.06"]
[EventDate "2001.03.26"]
[Round "11"]
[Result "0-1"]
[White "Marta I Litinskaya-Shul"]
[Black "Anna Zatonskih"]
[WhiteElo "2374"]
[BlackElo "2432"]
[PlyCount "118"]

1. d4 e6 2. c4 Nf6 3. Nf3 b6 4. g3 Ba6 5. b3 Bb4+ 6. Bd2 Be7
7. Bg2 c6 8. Bc3 d5 9. Nbd2 Nbd7 10. O-O O-O 11. Re1 c5 12. e4
dxc4 13. bxc4 cxd4 14. Nxd4 Ne5 15. Nxe6 fxe6 16. Bxe5 Bc5
17. Rf1 Rc8 18. Rc1 Qe7 19. Qe2 Bb4 20. Nb3 Ba3 21. Rc2 Nd7
22. Bd4 e5 23. Be3 Qe6 24. Nd2 Bb4 25. Rfc1 Nf6 26. Bf1 Rc7
27. f3 Rfc8 28. Qd3 Kh8 29. Qb3 Ba5 30. c5 Qxb3 31. Nxb3 Bxf1
32. Kxf1 Bb4 33. Rc4 a5 34. a4 Nd7 35. c6 Nc5 36. Bxc5 Rxc6
37. Ke2 bxc5 38. Rd1 g5 39. Rd5 Rh6 40. Rxe5 Rxh2+ 41. Ke3 g4
42. fxg4 Rg2 43. Kf3 Ra2 44. Nxc5 Ra3+ 45. Kf2 Rc3 46. Rxc3
Bxc3 47. Rd5 Rxc5 48. Rd8+ Kg7 49. Ke3 Be5 50. Ra8 Bxg3
51. Kd4 Bf2+ 52. Kd3 h6 53. Ra6 Be1 54. Kd4 Bb4 55. e5 Rc1
56. Kd5 Rd1+ 57. Ke4 Bc3 58. Rc6 Re1+ 59. Kd3 Bb4 0-1

[Event "ch-UKR Women"]
[Site "Kramatorsk UKR"]
[Date "2001.04.07"]
[EventDate "2001.03.26"]
[Round "12"]
[Result "1/2-1/2"]
[White "Anna Zatonskih"]
[Black "Tatiana Kononenko"]
[WhiteElo "2432"]
[BlackElo "2361"]
[PlyCount "21"]

1. e4 e5 2. Nf3 Nc6 3. Nc3 Nf6 4. d4 exd4 5. Nxd4 Bb4 6. Nxc6
bxc6 7. Bd3 d5 8. exd5 cxd5 9. O-O O-O 10. Bg5 c6 11. Ne2
1/2-1/2

[Event "ch-UKR Women"]
[Site "Kramatorsk UKR"]
[Date "2001.04.08"]
[EventDate "2001.03.26"]
[Round "13"]
[Result "1/2-1/2"]
[White "Olga Dolzhikova"]
[Black "Anna Zatonskih"]
[WhiteElo "2198"]
[BlackElo "2432"]
[PlyCount "32"]

1. e4 e6 2. d4 d5 3. Nd2 c5 4. exd5 Qxd5 5. Ngf3 cxd4 6. Bc4
Qd6 7. O-O Nf6 8. Nb3 Nc6 9. Nbxd4 Nxd4 10. Qxd4 Qxd4 11. Nxd4
Bd7 12. Bf4 Rc8 13. Bb3 Bc5 14. Rad1 O-O 15. h3 h6 16. Be5
Rfd8 1/2-1/2

[Event "2nd ch-EUR Women"]
[Site "Warsaw POL"]
[Date "2001.04.22"]
[EventDate "2001.04.22"]
[Round "1"]
[Result "1-0"]
[White "Nana Dzagnidze"]
[Black "Anna Zatonskih"]
[WhiteElo "2241"]
[BlackElo "2427"]
[PlyCount "67"]

1. d4 e6 2. Nf3 Nf6 3. e3 b6 4. Bd3 Bb7 5. O-O Be7 6. b3 c5
7. Bb2 O-O 8. Nbd2 cxd4 9. exd4 d6 10. c4 Nbd7 11. Re1 d5
12. Rc1 Rc8 13. Bb1 Re8 14. a3 Rc7 15. Ne5 dxc4 16. bxc4 Qa8
17. Nxd7 Rxd7 18. f3 Red8 19. Qc2 g6 20. Ne4 Nxe4 21. fxe4 Rc8
22. d5 exd5 23. exd5 Bg5 24. Qc3 f6 25. Qh3 Rf7 26. Rcd1 Rd8
27. d6 Rc8 28. Qxc8+ Qxc8 29. c5 bxc5 30. Ba2 f5 31. d7 Qf8
32. Re8 Bd8 33. Rxd8 Qxd8 34. Bf6 1-0

[Event "2nd ch-EUR Women"]
[Site "Warsaw POL"]
[Date "2001.04.24"]
[EventDate "2001.04.22"]
[Round "3"]
[Result "0-1"]
[White "Bairta Kharashkina"]
[Black "Anna Zatonskih"]
[WhiteElo "2173"]
[BlackElo "2427"]
[PlyCount "56"]

1. e4 e6 2. d4 d5 3. e5 c5 4. c3 Nc6 5. Nf3 Bd7 6. a3 c4
7. Be2 Na5 8. Nbd2 Bc6 9. O-O Qd7 10. b4 cxb3 11. c4 Ne7
12. Bb2 Nxc4 13. Nxc4 dxc4 14. Bxc4 Nd5 15. Qxb3 Be7 16. a4
O-O 17. Bb5 Rfc8 18. Rfc1 a5 19. Bxc6 Rxc6 20. Rxc6 Qxc6
21. Bc1 Rc8 22. Bd2 Bb4 23. h3 h6 24. Rc1 Qd7 25. Qb2 Rxc1+
26. Qxc1 Qxa4 27. Qc8+ Kh7 28. Qxb7 Qd1+ 0-1

[Event "2nd ch-EUR Women"]
[Site "Warsaw POL"]
[Date "2001.04.27"]
[EventDate "2001.04.22"]
[Round "6"]
[Result "1-0"]
[White "Anna Zatonskih"]
[Black "Regina Pokorna"]
[WhiteElo "2427"]
[BlackElo "2329"]
[PlyCount "93"]

1. e4 e5 2. Nf3 Nc6 3. Bb5 a6 4. Ba4 Nf6 5. O-O Be7 6. Re1 b5
7. Bb3 O-O 8. a4 Bb7 9. d3 d6 10. Nbd2 h6 11. Nf1 Re8 12. Bd2
Bf8 13. c4 bxc4 14. Bxc4 Bc8 15. Bc3 Be6 16. Ne3 Bxc4 17. dxc4
Rb8 18. Nd5 Nxd5 19. cxd5 Nb4 20. Qe2 a5 21. Red1 Qd7 22. Ne1
c6 23. Nc2 Nxc2 24. Qxc2 Rec8 25. Qd2 cxd5 26. Qxd5 Qa7
27. Qa2 Rc5 28. Rd5 Be7 29. Rad1 Rbc8 30. Rxc5 Rxc5 31. Rd5
Qc7 32. Rxc5 dxc5 33. Qd5 Bf6 34. g3 Kh7 35. Kg2 Qb6 36. Qxf7
Qc6 37. Qc4 Qc7 38. Qd5 Kh8 39. h4 Kh7 40. Kh2 Kh8 41. Qa8+
Bd8 42. Bxe5 Qxe5 43. Qxd8+ Kh7 44. Qxa5 Qxe4 45. Qxc5 Qxa4
46. b4 Qa3 47. Qf5+ 1-0

[Event "2nd ch-EUR Women"]
[Site "Warsaw POL"]
[Date "2001.05.01"]
[EventDate "2001.04.22"]
[Round "9"]
[Result "1/2-1/2"]
[White "Dana Reizniece-Ozola"]
[Black "Anna Zatonskih"]
[WhiteElo "2302"]
[BlackElo "2427"]
[PlyCount "45"]

1. Nf3 e6 2. c4 Nf6 3. g3 d5 4. b3 Be7 5. Bg2 O-O 6. O-O a5
7. Nc3 d4 8. Nb5 Nc6 9. e3 e5 10. Bb2 Bc5 11. a3 Rb8 12. b4
axb4 13. axb4 Bxb4 14. exd4 exd4 15. Nbxd4 Nxd4 16. Nxd4 Bg4
17. Qb3 Bc5 18. Qc3 Re8 19. Rfe1 Bf8 20. h3 Bd7 21. Rab1 c6
22. d3 Qe7 23. Nf3 1/2-1/2

[Event "Batumi"]
[Site "Batumi GEO"]
[Date "2001.06.26"]
[EventDate "2001.06.26"]
[Round "1"]
[Result "0-1"]
[White "Nino Maisuradze"]
[Black "Anna Zatonskih"]
[WhiteElo "2212"]
[BlackElo "2421"]
[PlyCount "80"]

1. d4 e6 2. c4 Nf6 3. Nc3 Bb4 4. Qc2 O-O 5. a3 Bxc3+ 6. Qxc3
b6 7. Nf3 Bb7 8. g3 d6 9. Bg2 Nbd7 10. O-O c5 11. Rd1 Qc7
12. dxc5 Nxc5 13. Be3 Rac8 14. Bxc5 Qxc5 15. Qd4 Qxc4 16. Qxc4
Rxc4 17. Rxd6 Bd5 18. Ne1 Rfc8 19. Bxd5 exd5 20. Nd3 Kf8
21. Nf4 Rc1+ 22. Rxc1 Rxc1+ 23. Kg2 Ke7 24. Rxd5 Nxd5
25. Nxd5+ Kd6 26. Nb4 a5 27. Nd3 Rc2 28. Kf3 Kd5 29. Ke3 b5
30. f4 f6 31. g4 Kc4 32. h4 Kb3 33. Kd4 Rc8 34. h5 h6 35. Kd5
Kc2 36. Kd4 Kd2 37. Kd5 Kxe2 38. Nc5 Kf3 39. Ne6 Kxg4 40. Nxg7
Kxf4 0-1

[Event "Batumi"]
[Site "Batumi GEO"]
[Date "2001.06.28"]
[EventDate "2001.06.26"]
[Round "3"]
[Result "0-1"]
[White "Gevorg Harutjunyan"]
[Black "Anna Zatonskih"]
[WhiteElo "2321"]
[BlackElo "2421"]
[PlyCount "70"]

1. e4 e6 2. Nf3 d5 3. e5 c5 4. b4 cxb4 5. a3 Nc6 6. axb4 Bxb4
7. c3 Be7 8. d4 Bd7 9. Bd3 a6 10. h4 h6 11. Na3 b5 12. Nc2 Na5
13. Nb4 Qb6 14. Rb1 Rc8 15. Qd2 h5 16. Ng5 Nh6 17. Be2 Nf5
18. Rh3 Nc6 19. Nc2 b4 20. Qd1 g6 21. Bd2 a5 22. Na3 Qd8
23. Nb5 bxc3 24. Rxc3 Kf8 25. Rf3 Nb4 26. Rc1 Bxb5 27. Bxb5
Rxc1 28. Qxc1 Kg7 29. Bxb4 axb4 30. Bd3 Bxg5 31. hxg5 Nxd4
32. Rf6 Qc8 33. Qb1 Qc3+ 34. Kd1 Ra8 35. Bxg6 Ra1 0-1

[Event "Batumi"]
[Site "Batumi GEO"]
[Date "2001.06.29"]
[EventDate "2001.06.26"]
[Round "4"]
[Result "1/2-1/2"]
[White "Anna Zatonskih"]
[Black "Konstantine Shanava"]
[WhiteElo "2421"]
[BlackElo "2281"]
[PlyCount "183"]

1. e4 c5 2. Nf3 d6 3. d4 cxd4 4. Nxd4 Nf6 5. Nc3 a6 6. g3 e5
7. Nde2 Be7 8. Bg2 Nbd7 9. h3 b5 10. O-O Nc5 11. g4 Bb7
12. Ng3 g6 13. f4 exf4 14. Bxf4 Ne6 15. Be3 Nd7 16. Nd5 Bg5
17. Bf2 O-O 18. Ne2 Bxd5 19. exd5 Nf4 20. Nxf4 Bxf4 21. a4 Be5
22. c3 Qc7 23. axb5 axb5 24. Re1 Ra5 25. Bf1 Rfa8 26. Rxa5
Qxa5 27. Qb3 Rb8 28. Re4 Qa1 29. Rb4 Nc5 30. Bxc5 dxc5
31. Rxb5 Re8 32. d6 Qc1 33. Rb8 Qe3+ 34. Kh1 Qe4+ 35. Kg1 Rxb8
36. Qxb8+ Kg7 37. Qb5 Qe3+ 38. Kh1 Qf3+ 39. Bg2 Qg3 40. Kg1
Qe3+ 41. Kh1 Bxd6 42. Qf1 Qe5 43. Qg1 h5 44. gxh5 Qxh5 45. Bf1
Qe5 46. Qg2 f5 47. Qe2 Qf4 48. Qg2 Kf6 49. Kg1 Bc7 50. Qf2 Qd6
51. Qe2 Kg7 52. Bg2 Qh2+ 53. Kf1 Qf4+ 54. Kg1 Kh6 55. Qf2 Qd6
56. Qh4+ Kg7 57. Qf2 Bb6 58. Kh1 c4 59. Qe2 Qc5 60. Qd1 Qf2
61. Qf1 Qxb2 62. Qxc4 Qc1+ 63. Qf1 Qxc3 64. Qe2 Qc5 65. Qe1
Qd4 66. Bf3 Bc5 67. Qd1 Qf2 68. Bg2 Bd4 69. Qf1 Qe3 70. Qb1
Kh6 71. Qd1 Kg5 72. Qf1 Kh4 73. Qb1 Kg3 74. Qd1 g5 75. Bd5
Kxh3 76. Qh5+ Kg3 77. Qh2+ Kg4 78. Qg2+ Kf4 79. Qh2+ Qg3
80. Be6 Bf2 81. Bd7 Qxh2+ 82. Kxh2 g4 83. Kg2 Bh4 84. Bc8 Bd8
85. Bd7 Bb6 86. Bc8 Kg5 87. Ba6 Kf6 88. Be2 Ke5 89. Kg3 Bc7
90. Bxg4 Ke4+ 91. Kh3 fxg4+ 92. Kxg4 1/2-1/2

[Event "Batumi"]
[Site "Batumi GEO"]
[Date "2001.06.30"]
[EventDate "2001.06.26"]
[Round "5"]
[Result "0-1"]
[White "Tigran Gharamian"]
[Black "Anna Zatonskih"]
[WhiteElo "2228"]
[BlackElo "2421"]
[PlyCount "110"]

1. e4 e6 2. d4 d5 3. Nd2 c5 4. exd5 Qxd5 5. Ngf3 cxd4 6. Bc4
Qd6 7. O-O Nf6 8. Nb3 Nc6 9. Nbxd4 Nxd4 10. Qxd4 Bd7 11. Bf4
Qxd4 12. Nxd4 Rc8 13. Be2 Bc5 14. Nb3 Bb6 15. c3 Ke7 16. Nd2
Nd5 17. Bg3 Rhd8 18. Nc4 Bc7 19. Bxc7 Rxc7 20. Ne5 Ba4 21. g3
f6 22. Nf3 e5 23. Bd1 Bc6 24. Re1 Kf8 25. Be2 Nb6 26. Red1
Rcd7 27. b3 Nd5 28. Rdc1 e4 29. Ne1 f5 30. Ng2 g5 31. a3 Nf6
32. Rc2 Ke7 33. h3 Ke6 34. Re1 Rd2 35. Bc4+ Ke7 36. Rxd2 Rxd2
37. a4 Nd7 38. Ne3 f4 39. gxf4 gxf4 40. Nf5+ Kf6 41. Nd4 Ne5
42. Kf1 e3 43. fxe3 Bg2+ 44. Kg1 f3 45. Be2 Nd3 46. Nxf3 Bxf3
47. Rf1 Rxe2 48. Rxf3+ Ke7 49. Rf5 Rxe3 50. Rh5 Rg3+ 51. Kf1
Rf3+ 52. Kg1 Rf7 53. Rd5 Nf4 54. Rb5 Kd6 55. Kh2 a6 0-1